000 nam a22 a 4500
999 _c293
_d293
003 AKMAL
005 20170503100036.0
008 170503s1993 my 00 may d
020 _a9676522260 (kkt.):
_cRM 11.95
040 _aAKMAL
082 0 4 _a004.1 YON
245 _aLiterasi komputer /
_cYong Soe Han... [et. al. ]
260 _aKuala Lumpur :
_bFajar Bakti,
_c1993
300 _avii, 246ms. :
_bil. ;
_c25cm
650 _aComputer literacy
_9645
650 _aComputers
_xStudy and teaching
_9646
650 _aComputer-assisted instruction
_xStudy and teaching
_9174
650 _aEducational innovations
_zMalaysia
_9647
700 1 _aYong, Soe Han
_9648
942 _2ddc
_cBOOK
950 _lAKMAL